Aufsatze und Beobachtungen aus der gerichtlichen Arznenwissenschaft (Record no. 151630)

MARC details
000 -LEADER
campo de control de longitud fija 00624nam a22001695i 4500
001 - NÚMERO DE CONTROL
campo de control 151630
003 - IDENTIFICADOR DE NÚMERO DE CONTROL
campo de control ES-MaACL
005 - FECHA Y HORA DE LA ÚLTIMA TRANSACCIÓN
campo de control 20230906204312.0
008 - DATOS DE LONGITUD FIJA--INFORMACIÓN GENERAL
campo de control de longitud fija 050704s1812 gw |||| | ger d
040 ## - FUENTE DE CATALOGACIÓN
Centro catalogador/agencia de origen CAM
Lengua de catalogación spa
Centro/agencia transcriptor CAM
245 00 - MENCIÓN DEL TÍTULO
Título Aufsatze und Beobachtungen aus der gerichtlichen Arznenwissenschaft
Resto del título : Funfte Sammlung /
Mención de responsabilidad, etc. hearusgegeben von Johann Theodor Pyl.
260 ## - PUBLICACIÓN, DISTRIBUCIÓN, ETC.
Lugar de publicación, distribución, etc. Berlin :
Nombre del editor, distribuidor, etc. in der Myliussischen Buchhandlung,
Fecha de publicación, distribución, etc. 1812.
300 ## - DESCRIPCIÓN FÍSICA
Extensión [8], 248 p. ;
Dimensiones 22 cm.
597 ## - NOTA DE DESCRIPCIÓN FÍSICA
NOTA DE DESCRIPCIÓN FÍSICA Letra gótica.
700 1# - ENTRADA AGREGADA--NOMBRE PERSONAL
Nombre de persona Pyl, Johann Theodor,
Término indicativo de función/relación
9 (RLIN) 131442
852 ## - LOCALIZACIÓN
Ubicación ES-MaACL
Número de control de estantería R-811-16
Nota libre -- Enc. hol.
Encuadernación Olim: G-2632-37
Holdings
Estatus retirado Estado de pérdida Estado de daño No para préstamo Colección Biblioteca de origen Biblioteca actual Ubicación en estantería Fecha de adquisición Total de préstamos Signatura topográfica completa Código de barras Visto por última vez Precio de reemplazo Tipo de ítem Koha
        Libros del s. XIX Biblioteca del Ateneo de Madrid Biblioteca del Ateneo de Madrid Depósito 17/01/2008   R-811-16 1158239 23/02/2023 23/02/2023 Libro impreso antiguo